Electronic media: radio television and new media (Record no. 166721)
[ view plain ]
| 000 -LEADER | |
|---|---|
| fixed length control field | 00665nam a2200229Ia 4500 |
| 003 - CONTROL NUMBER IDENTIFIER | |
| control field | OSt |
| 005 - DATE AND TIME OF LATEST TRANSACTION | |
| control field | 20230620122226.0 |
| 008 - FIXED-LENGTH DATA ELEMENTS--GENERAL INFORMATION | |
| fixed length control field | 210423s2014 xx 000 0 und d |
| 020 ## - INTERNATIONAL STANDARD BOOK NUMBER | |
| International Standard Book Number | 978-81-921355-7-1 |
| 040 ## - CATALOGING SOURCE | |
| Transcribing agency | AL |
| 041 ## - LANGUAGE CODE | |
| Language code of text/sound track or separate title | eng |
| 082 ## - DEWEY DECIMAL CLASSIFICATION NUMBER | |
| Classification number | 302.234 |
| Edition number | 23 |
| Item number | TRIE |
| 100 ## - MAIN ENTRY--PERSONAL NAME | |
| Personal name | TRIPATHI (Ramji) |
| 9 (RLIN) | 108360 |
| 245 ## - TITLE STATEMENT | |
| Title | Electronic media: radio television and new media |
| 260 ## - PUBLICATION, DISTRIBUTION, ETC. | |
| Place of publication, distribution, etc. | Bhopal |
| Name of publisher, distributor, etc. | Makhanlal Chaturvedi National University |
| Date of publication, distribution, etc. | 2014 |
| 300 ## - PHYSICAL DESCRIPTION | |
| Extent | 288 |
| Other physical details | PB |
| 365 ## - TRADE PRICE | |
| Price amount | 300 |
| Currency code | INR |
| 650 ## - SUBJECT ADDED ENTRY--TOPICAL TERM | |
| Topical term or geographic name entry element | Communication |
| 9 (RLIN) | 108361 |
| 650 ## - SUBJECT ADDED ENTRY--TOPICAL TERM | |
| Topical term or geographic name entry element | Social Interaction |
| 9 (RLIN) | 108362 |
| 906 ## - LOCAL DATA ELEMENT F, LDF (RLIN) | |
| a | Electronic ; media ; media: ; new ; radio ; television |
| 942 ## - ADDED ENTRY ELEMENTS (KOHA) | |
| Source of classification or shelving scheme | Dewey Decimal Classification |
| Koha item type | Book |
| Withdrawn status | Lost status | Damaged status | Not for loan | Collection code | Home library | Current library | Date acquired | Source of acquisition | Cost, normal purchase price | Total Checkouts | Total Renewals | Full call number | Barcode | Date last seen | Date last checked out | Price effective from | Koha item type |
|---|---|---|---|---|---|---|---|---|---|---|---|---|---|---|---|---|---|
| MAJMC | St Aloysius PG Library | St Aloysius PG Library | 03/24/2015 | Biblios Book Point | 300.00 | 2 | 1 | 302.234 TRIE | PG013222 | 04/29/2024 | 08/28/2023 | 04/26/2021 | Book | ||||
| MAJMC | St Aloysius PG Library | St Aloysius PG Library | 03/24/2015 | Biblios Book Point | 300.00 | 302.234 TRIE | PG013223 | 08/24/2022 | 04/26/2021 | Book | |||||||
| MAJMC | St Aloysius PG Library | St Aloysius PG Library | 03/24/2015 | Biblios Book Point | 300.00 | 302.234 TRIE | PG013224 | 08/24/2022 | 04/26/2021 | Book |